Obra completa en poesía
Kaydedildi:
| Yazar: | |
|---|---|
| Materyal Türü: | Kitap |
| Dil: | İspanyolca Fransızca |
| Baskı/Yayın Bilgisi: |
Barcelona
Ediciones 29
1976
|
| Edisyon: | 1a. ed |
| Seri Bilgileri: | Libros Río Nuevo. Serie Poesía, 14
|
| Konular: | |
| Etiketler: |
Etiketle
Etiket eklenmemiş, İlk siz ekleyin!
|
MARC
| LEADER | 00000cam a2200000 a 4500 | ||
|---|---|---|---|
| 001 | UCV9579 | ||
| 003 | CL-VaPUC | ||
| 008 | 921203e19760000SP |||||||||||||||||spa|d | ||
| 020 | |a 8471751097 | ||
| 041 | 0 | 7 | |a spa |2 CL-VaPUC |
| 041 | 0 | 7 | |a fre |2 CL-VaPUC |
| 082 | 0 | 4 | |a 841 |b VIL |2 21 |
| 100 | 0 | |a Villon, Francois |e author |9 303602 | |
| 245 | 1 | 0 | |a Obra completa en poesía |
| 250 | |a 1a. ed | ||
| 300 | |a 296 p | ||
| 942 | |c BK | ||
| 945 | |d 19921203 00:00:00 | ||
| 260 | |a Barcelona |b Ediciones 29 |c 1976 | ||
| 650 | 0 | |a Poesías francesas |9 265467 | |
| 583 | |a last modification |c 20160620 04:27:12 |k Rodrigo Vera | ||
| 490 | 0 | |a Libros Río Nuevo. Serie Poesía, 14 | |
| 999 | |c 214892 |d 214890 | ||
| 952 | |0 0 |1 0 |4 0 |6 841_000000000000000_VIL_1976 |7 0 |8 A |9 198715 |a BIBARQ |b BIBARQ |d 2019-11-14 |i 2661136 |o 841 VIL 1976 |p 2661136 |r 2025-01-20 |w 2019-11-14 |y BK |k ARQ | ||
| 952 | |0 0 |1 0 |4 0 |6 841_000000000000000_VIL_1976 |7 0 |8 A |9 198716 |a BIBART |b BIBART |d 2019-11-14 |i 1206508 |o 841 VIL 1976 |p 1206508 |r 2025-03-13 |w 2019-11-14 |y BK |k ART | ||
| 952 | |0 0 |1 0 |3 erb |4 0 |6 841_000000000000000_VIL_1976 |7 0 |8 A |9 198717 |a FDOHBE |b FDOHBE |e Huesbe Llanos, Marco Antonio, 1934- |i 5333768 |o 841 VIL 1976 |p 5333768 |r 2024-01-30 |w 2019-11-14 |y BK |z Catalogado en:20160623 |k HBE | ||